000 01124cam a22002415a 4500
999 _c27298
_d27269
005 20190404101112.0
008 180112t2018 enka frb 001 0 eng d
020 _a9781473734524
040 _aStDuBDS
_beng
_cStDuBDS
_dUk
_dEG-ScBUE
_dEG-ScBUE
082 0 4 _a153
_bGOL
_222
100 1 _aGoldstein, E. Bruce,
_d1941-
245 1 0 _aCognitive psychology /
_cE. Bruce Goldstein and Johanna C. Van Hooff.
250 _a1st. EMEA ed.
260 _aHampshire :
_bCengage Learning EMEA,
_cc.2018.
300 _axxii, 502 p. :
_bill. (col.) ;
_c25 cm.
504 _aIncludes bibliographical references and index.
520 _aHelps students understand the theories of cognition, driving home both the scientific importance of the theories and their relevance to students' daily lives. This title helps students gain an understanding of the behind the scenes' activity that happens in the mind when humans do such seemingly simple activities as perceive, remember, or think
650 7 _aCognitive psychology.
_2BUEsh
_933178
651 _2BUEsh
653 _bHHUUPPSS
_cMarch2019
700 1 _aHooff, Johanna van.
942 _2ddc